<?xml version="1.0" encoding="UTF-8"?><?xml-stylesheet type="text/xsl" href="static/style.xsl"?><OAI-PMH xmlns="http://www.openarchives.org/OAI/2.0/" xmlns:xsi="http://www.w3.org/2001/XMLSchema-instance" xsi:schemaLocation="http://www.openarchives.org/OAI/2.0/ http://www.openarchives.org/OAI/2.0/OAI-PMH.xsd"><responseDate>2026-04-17T06:07:56Z</responseDate><request verb="GetRecord" identifier="oai:www.recercat.cat:2445/185880" metadataPrefix="marc">https://recercat.cat/oai/request</request><GetRecord><record><header><identifier>oai:recercat.cat:2445/185880</identifier><datestamp>2025-11-20T10:16:35Z</datestamp><setSpec>com_2072_1057</setSpec><setSpec>col_2072_478809</setSpec><setSpec>col_2072_478917</setSpec></header><metadata><record xmlns="http://www.loc.gov/MARC21/slim" xmlns:dcterms="http://purl.org/dc/terms/" xmlns:xsi="http://www.w3.org/2001/XMLSchema-instance" xmlns:doc="http://www.lyncode.com/xoai" xsi:schemaLocation="http://www.loc.gov/MARC21/slim http://www.loc.gov/standards/marcxml/schema/MARC21slim.xsd">
   <leader>00925njm 22002777a 4500</leader>
   <datafield ind2=" " ind1=" " tag="042">
      <subfield code="a">dc</subfield>
   </datafield>
   <datafield ind2=" " ind1=" " tag="720">
      <subfield code="a">Mor, Maayan</subfield>
      <subfield code="e">author</subfield>
   </datafield>
   <datafield ind2=" " ind1=" " tag="260">
      <subfield code="c">2022-05-20T13:23:34Z</subfield>
   </datafield>
   <datafield ind2=" " ind1=" " tag="260">
      <subfield code="c">2022-05-20T13:23:34Z</subfield>
   </datafield>
   <datafield ind2=" " ind1=" " tag="260">
      <subfield code="c">2022-02-04</subfield>
   </datafield>
   <datafield ind2=" " ind1=" " tag="260">
      <subfield code="c">2022-05-20T13:23:35Z</subfield>
   </datafield>
   <datafield ind2=" " ind1=" " tag="520">
      <subfield code="a">Conventional theories of ethnic politics argue that political entrepreneurs form ethnic parties where there is ethnic diversity. Yet empirical research finds that diversity is a weak predictor for the success of ethnic parties. When does ethnicity become a major element of party competition? Scholars have explained the emergence of an ethnic dimension in party systems as the result of institutions, mass organizations, and elite initiatives. But these factors can evolve in response to an emerging ethnic coalition of voters. The author advances a new theory: ethnic cleavages emerge when voters seek to form a parliamentary opposition to government policies that create grievances along ethnic identities. The theory is tested on rare cases of government policies in Prussia between 1848 and 1874 that aggrieved Catholics but were not based on existing policies or initiated by entrepreneurs to encourage ethnic competition. Using process tracing, case comparisons, and statistical analysis of electoral returns, the author shows that Catholics voted together when aggrieved by policies, regardless of the actions of political entrepreneurs. In contrast, when policies were neutral to Catholics, the Catholic party dissolved.</subfield>
   </datafield>
   <datafield tag="653" ind2=" " ind1=" ">
      <subfield code="a">Grups ètnics</subfield>
   </datafield>
   <datafield tag="653" ind2=" " ind1=" ">
      <subfield code="a">Partits polítics</subfield>
   </datafield>
   <datafield tag="653" ind2=" " ind1=" ">
      <subfield code="a">Ethnic groups</subfield>
   </datafield>
   <datafield tag="653" ind2=" " ind1=" ">
      <subfield code="a">Political parties</subfield>
   </datafield>
   <datafield ind2="0" ind1="0" tag="245">
      <subfield code="a">Government policies, new voter coalitions, and the emergence of ethnic dimension in party systems</subfield>
   </datafield>
</record></metadata></record></GetRecord></OAI-PMH>